Rubberised roads for superior performance (Record no. 49898)

MARC details
000 -LEADER
fixed length control field 00344nam a2200133Ia 4500
100 ## - MAIN ENTRY--AUTHOR NAME
Personal name Gopalakrishnan K.S.
245 #0 - TITLE STATEMENT
Title Rubberised roads for superior performance
260 ## - PUBLICATION, DISTRIBUTION, ETC. (IMPRINT)
Name of publisher Rubber Asia
Year of publication 1994
300 ## - PHYSICAL DESCRIPTION
Number of Pages 57-58
650 ## - SUBJECT ADDED ENTRY--TOPICAL TERM
Topical Term Rubberized bitumen
650 ## - SUBJECT ADDED ENTRY--TOPICAL TERM
Topical Term Rubberized road
942 ## - ADDED ENTRY ELEMENTS (KOHA)
Koha item type Bibliography STAF
Holdings
Withdrawn status Lost status Damaged status Not for loan Home library Current library Shelving location Date acquired Serial Enumeration / chronology Koha item type
      Bibliography RRII Library RRII Library General 09/04/2014 Volume 8, Issue 4 Bibliography STAF